Educación cívica: enseñanza media

Saved in:
Bibliographic Details
Main Authors: Sandoval Precht, María Francisca (Author), Basaure Daza, Ernesto C (Author)
Format: Book
Language:Spanish
Published: Santiago Antártica 1997
Subjects:
Tags: Add Tag
No Tags, Be the first to tag this record!

MARC

LEADER 00000nam a2200000 a 4500
001 UCT8390
003 CL-VaPUC
008 970326e19970000CL |||||||||||||||||spa|d
082 0 4 |a 372.832  |b SAN  |2 21 
100 0 |a Sandoval Precht, María Francisca  |e author  |9 380111 
700 0 |a Basaure Daza, Ernesto C  |e author  |9 380112 
245 1 0 |a Educación cívica: enseñanza media 
300 |a 239 p 
942 |c BK 
945 |d 19970326 00:00:00  |a nastorga 
260 |a Santiago  |b Antártica  |c 1997 
650 0 |a Educación cívica  |9 314665 
650 0 |a Sociedad  |9 307903 
650 0 |a Derecho constitucional   |9 222588 
650 0 |a Vocación  |9 328817 
650 0 |a Estado  |9 255503 
650 0 |a Gobierno   |9 255508 
650 0 |a Nacionalidad  |9 357571 
650 0 |a Ciudadanía  |9 258339 
650 7 |a SUFRAGIO  |2 CL-VaPUC  |9 313463 
650 0 |a Derechos humanos  |9 223025 
650 0 |a Poderes del estado  |9 377457 
650 0 |a Derecho internacional  |9 255637 
583 |a last modification  |c 20190729 04:53:15  |k Rodrigo Vera 
999 |c 256893  |d 256891 
952 |0 0  |1 0  |4 0  |6 372_832000000000000_SAN_1997  |7 0  |8 A  |9 280004  |a BIBHIS  |b BIBHIS  |d 2019-11-19  |i 3295281  |o 372.832 SAN 1997  |p 3295281  |r 2025-01-20  |w 2019-11-19  |y BK  |k HIS 
952 |0 0  |1 0  |4 0  |6 372_832000000000000_SAN_1997  |7 0  |8 A  |9 280005  |a BIBHIS  |b BIBHIS  |d 2019-11-19  |i 329529K  |o 372.832 SAN 1997  |p 329529K  |r 2025-01-20  |w 2019-11-19  |y BK  |k HIS 
952 |0 0  |1 0  |4 0  |6 372_832000000000000_SAN_1997  |7 0  |8 A  |9 280006  |a BIBHIS  |b BIBHIS  |d 2019-11-19  |i 3295303  |o 372.832 SAN 1997  |p 3295303  |r 2025-01-20  |w 2019-11-19  |y BK  |k HIS 
952 |0 0  |1 0  |4 0  |6 372_832000000000000_SAN_1997  |7 0  |8 A  |9 280007  |a BIBHIS  |b BIBHIS  |d 2019-11-19  |i 3547329  |o 372.832 SAN 1997  |p 3547329  |r 2025-01-20  |w 2019-11-19  |y BK  |k HIS